| 000 | 00445nam a2200181Ia 4500 | ||
|---|---|---|---|
| 008 | 230524s9999 xx 000 0 und d | ||
| 020 | _a9780070147645 | ||
| 082 |
_a658.12 _bPAR |
||
| 100 | _aUdai Pareek | ||
| 245 | 0 | _a"Training Instruments in HRD and OD, " | |
| 250 | _a3RD | ||
| 260 |
_aNEW DELHI _bMGH _c2010 |
||
| 300 | _aXV;836 | ||
| 500 | _aQuantity Number: 2 | ||
| 650 | _aManagement | ||
| 700 | _a Surabhi Purohit | ||
| 942 | _cBK | ||
| 999 |
_c46037 _d46037 |
||